书目信息 |
| 题名: |
经典之门
|
|
| 作者: | 陈鼓应 , 陈耀南 著 | |
| 分册: | 文学篇 | |
| 出版信息: | 北京 华夏出版社 2019 |
|
| 页数: | 15,308页 | |
| 开本: | 21cm | |
| 丛书名: | ||
| 单 册: | ||
| 中图分类: | Z422 , B22 | |
| 科图分类: | ||
| 主题词: | 古籍--中国--汇编 , 先秦哲学--古籍--中国--汇编 | |
| 电子资源: | ||
| ISBN: | 978-7-5080-9756-5 | |
| 000 | 01191nam0 2200265 450 | |
| 001 | 2073243971 | |
| 005 | 20201105202053.10 | |
| 010 | @a978-7-5080-9756-5@b精装@dCNY67.00(全4册) | |
| 100 | @a20190917d2019 em y0chiy50 ea | |
| 101 | 0 | @achi |
| 102 | @aCN@b110000 | |
| 105 | @ay z 000yy | |
| 200 | 1 | @a经典之门@9jing dian zhi men@i文学篇@f康震,陈致等著 |
| 210 | @a北京@c华夏出版社@d2019 | |
| 215 | @a15,308页@d21cm | |
| 305 | @a中文繁体字版本由中华书局(香港)有限公司在香港出版,今授权华夏出版社在中国大陆地区出版其中文简体字版本 | |
| 330 | @a本卷书收录儒家、道家、法家、墨家、纵横家、杂家、兵家共十五部传统典籍的导读文章,作者包括陈耀南、陈鼓应、王宏林等著名专家、教授。作品文从字顺,语言简洁流畅,导读分析的角度视野较为新颖、开阔,颇具启发意义。所谓经典作品,就是经历了无数考验,仍是大家心悦诚服、可资指导言行的文字记载,今日为何我们仍须重读经典?本卷书中各位作者给出了各自不同的解答,同时也引领普通读者迈入了品读经典的大门。 | |
| 606 | 0 | @a古籍@y中国@j汇编 |
| 606 | 0 | @a先秦哲学@x古籍@y中国@j汇编 |
| 690 | @aZ422@v5 | |
| 690 | @aB22@v5 | |
| 701 | 0 | @a陈鼓应@9chen gu ying@4著 |
| 701 | 0 | @a陈耀南@9chen yao nan@4著 |
| 801 | @c20201012@aCN | |
| 905 | @aZUCC@dZ422@eC428 | |
| 经典之门.文学篇/康震,陈致等著.-北京:华夏出版社,2019 |
| 15,308页;21cm |
| ISBN 978-7-5080-9756-5(精装):CNY67.00(全4册) |
| 本卷书收录儒家、道家、法家、墨家、纵横家、杂家、兵家共十五部传统典籍的导读文章,作者包括陈耀南、陈鼓应、王宏林等著名专家、教授。作品文从字顺,语言简洁流畅,导读分析的角度视野较为新颖、开阔,颇具启发意义。所谓经典作品,就是经历了无数考验,仍是大家心悦诚服、可资指导言行的文字记载,今日为何我们仍须重读经典?本卷书中各位作者给出了各自不同的解答,同时也引领普通读者迈入了品读经典的大门。 |
| ● |
| 相关链接 |
|
|
|
正题名:经典之门
索取号:Z422/C428
 
预约/预借
| 序号 | 登录号 | 条形码 | 馆藏地/架位号 | 状态 | 备注 |
| 1 | 1480887 | 214808877 | 自科库501/501自科库 130排1列4层/ [索取号:Z422/C428] | 在馆 |